Realität - Raf Camora feat Bonez MC - Statistiken

Allgemein
  • Dieses Quiz wurde 8 mal gespielt
  • Das Durchschnittsergebnis liegt bei 240 aus 457
Antwortstatistiken
Antwort % Korrekt
da
88%
du
88%
Du
88%
er
88%
Es
88%
es
88%
Ich
88%
ich
88%
Ihr
88%
Realität
88%
alle
75%
an
75%
bin
75%
Bin
75%
bist
75%
das
75%
der
75%
ein
75%
in
75%
ist
75%
man
75%
Sex
75%
sie
75%
Sie
75%
wenn
75%
wie
75%
Wir
75%
Alk
63%
alles
63%
auf
63%
Auf
63%
Aufgewacht
63%
aus
63%
Bonez
63%
Bruder
63%
dem
63%
Digga
63%
einfach
63%
Ey
63%
ey
63%
Freund
63%
hab
63%
hier
63%
im
63%
Koma
63%
lebt
63%
mein
63%
meine
63%
mir
63%
nicht
63%
Rap
63%
ruf
63%
schon
63%
sein
63%
sind
63%
Und
63%
und
63%
viel
63%
war
63%
weiß
63%
weißt
63%
Zu
63%
zu
63%
zur
63%
32
50%
33
50%
Abend
50%
Ahnung
50%
anders
50%
Anzug
50%
Bei
50%
bei
50%
besucht
50%
bisschen
50%
Blutflecken
50%
brauch
50%
breit
50%
dabei
50%
dann
50%
Detail
50%
die
50%
Die
50%
Doch
50%
doch
50%
ernsthaft
50%
fast
50%
Feind
50%
gefetzt
50%
geht
50%
hast
50%
hat
50%
hatte
50%
Hochzeit
50%
Ja
50%
Jogger
50%
John
50%
kann
50%
kein
50%
keine
50%
klar
50%
kleinste
50%
klingeln
50%
Koka
50%
komm
50%
kommt
50%
läuft
50%
leid
50%
Lorenz
50%
mach
50%
Mach
50%
meinem
50%
meint
50%
mich
50%
mit
50%
mittlerweile
50%
Moser
50%
nach
50%
nichtmal
50%
ob
50%
peinlich
50%
Pullover
50%
Raf
50%
Ragucci
50%
Shaho
50%
sich
50%
Sofa
50%
soll
50%
Statt
50%
tut
50%
uns
50%
Uns
50%
von
50%
was
50%
Was
50%
weil
50%
wer
50%
wieder
50%
zugedeckt
50%
2
38%
Aber
38%
aber
38%
als
38%
am
38%
Bände
38%
bevor
38%
Bitcoins
38%
bitte
38%
bleib
38%
Brother
38%
Bühne
38%
Camaro
38%
deinen
38%
dich
38%
diesen
38%
Dieser
38%
Dividende
38%
fernab
38%
fleißig
38%
gar
38%
gekannt
38%
genieße
38%
Geschäfte
38%
gestern
38%
Groupies
38%
Haifisch
38%
Hände
38%
Handy
38%
Hobby
38%
Hype
38%
ich's
38%
Identität
38%
Jacuzzi
38%
Jeder
38%
jemand
38%
keinen
38%
kommen
38%
Konkurrenz
38%
Lieber
38%
lieg
38%
liegen
38%
los
38%
meiner
38%
Nachbar
38%
nacheinander
38%
Nikes
38%
oder
38%
Palmen
38%
Parfum
38%
Penner
38%
Plan
38%
Problem
38%
riecht
38%
Rtl
38%
Scheiß
38%
schreibt
38%
ständig
38%
staubige
38%
steh
38%
Tangas
38%
trägst
38%
unter
38%
verflucht
38%
vergess
38%
vergiss
38%
Vergiss
38%
verletzt
38%
verpass
38%
vorbei
38%
Wache
38%
wie'n
38%
Zerreiß
38%
beeil
25%
Bude
25%
Ende
25%
Junge
25%
Kappen
25%
kein'n
25%
Koreaner
25%
Loredanas
25%
neidisch
25%
noch
25%
Rolex
25%
spricht
25%
Strom
25%
tick
25%
tickt
25%
Audi
13%
dir
13%
ein'n
13%
Mainstream
13%
Neue
13%
verdreckt
13%
Benz
0%
Goldringe
0%
heh
0%
hör'n
0%
Kauf
0%
Kevins
0%
Muss
0%
Patchouli
0%
reden
0%
stressen
0%
Keine übereinstimmenden Quizze gefunden
Verteilung der Resultate
Anzahl Personen mit jedem Resultat
Perzentil nach korrekt beantworteten Fragen
Ihre Resultats-Entwicklung
Sie haben dieses Quiz noch nicht gespielt